[Event "IECG QN.2000.0.00151"]
[Site "IECG email"]
[Date "2000.11.18"]
[Round "?"]
[White "Campbell, Graham G"]
[Black "Sietsma, John"]
[Result "1-0"]
[WhiteElo "711"]
[BlackElo "926"]
[PlyCount "43"]
[EventDate "2000.11.18"]
[EventType "tourn (corr)"]
[EventRounds "6"]
[SourceTitle "Corr 2008"]
[Source "ChessBase"]
[SourceDate "2008.06.24"]
[SourceVersion "1"]
[SourceVersionDate "2008.06.24"]
[SourceQuality "1"]

1. e4 e5 2. Nf3 d6 3. d4 exd4 4. Qxd4 Nc6 5. Bb5 Bd7 6. Bxc6 Bxc6 7. 0-0 Qf6 8. Re1 0-0-0 9. Qxa7 b6 10. Nc3 Qg6 11. Nd5 Bxd5 12. exd5 Qxc2 13. Nd4 Qd3 14. Nc6 Be7 15. Nxd8 Kxd8 16. Qa8+ Kd7 17. Qc6+ Kd8 18. Bg5 f6 19. Rac1 fxg5 20. Qxc7+ Ke8 21. Qc8+ Kf7 22. Qe6+ 1-0

[Event "IECG QN.1999.0.00067"]
[Site "IECG email"]
[Date "1999.07.10"]
[Round "?"]
[White "Lok, Francis"]
[Black "Sietsma, John"]
[Result "0-1"]
[WhiteElo "800"]
[BlackElo "800"]
[PlyCount "29"]
[EventDate "1999.07.10"]
[EventType "tourn (corr)"]
[EventRounds "6"]
[SourceTitle "Corr 2008"]
[Source "ChessBase"]
[SourceDate "2008.06.24"]
[SourceVersion "1"]
[SourceVersionDate "2008.06.24"]
[SourceQuality "1"]

1. e4 Nc6 2. Nc3 e5 3. Nf3 d6 4. Bb5 Bd7 5. Bxc6 Bxc6 6. d4 Nf6 7. Bg5 Be7 8. dxe5 dxe5 9. Qxd8+ Bxd8 10. Nxe5 Nxe4 11. Bxd8 Rxd8 12. Nxe4 Bxe4 13. f3 Rd5 14. Ng4 Bf5 15. Ne3 0-1

[Event "IECG QN.1999.0.00067"]
[Site "IECG email"]
[Date "1999.07.10"]
[Round "?"]
[White "Sietsma, John"]
[Black "Lok, Francis"]
[Result "1-0"]
[WhiteElo "800"]
[BlackElo "800"]
[PlyCount "24"]
[EventDate "1999.07.10"]
[EventType "tourn (corr)"]
[EventRounds "6"]
[SourceTitle "Corr 2008"]
[Source "ChessBase"]
[SourceDate "2008.06.24"]
[SourceVersion "1"]
[SourceVersionDate "2008.06.24"]
[SourceQuality "1"]

1. e4 e5 2. Nf3 Nc6 3. c3 Nf6 4. d4 Bd6 5. Bd3 b6 6. 0-0 h5 7. Bg5 Ne7 8. dxe5 Bxe5 9. Nxe5 h4 10. h3 d6 11. Nf3 Bb7 12. Re1 Qd7 1-0

[Event "IECG QN.1999.0.00067"]
[Site "IECG email"]
[Date "1999.07.10"]
[Round "?"]
[White "Sietsma, John"]
[Black "Poblete, Litos"]
[Result "0-1"]
[WhiteElo "800"]
[BlackElo "800"]
[PlyCount "60"]
[EventDate "1999.07.10"]
[EventType "tourn (corr)"]
[EventRounds "6"]
[SourceTitle "Corr 2008"]
[Source "ChessBase"]
[SourceDate "2008.06.24"]
[SourceVersion "1"]
[SourceVersionDate "2008.06.24"]
[SourceQuality "1"]

1. e4 c5 2. Nc3 Nc6 3. Bc4 e6 4. d3 a6 5. Nf3 Qc7 6. 0-0 Nf6 7. Re1 d6 8. Nd5 exd5 9. exd5+ Ne5 10. d4 cxd4 11. Qxd4 Nfd7 12. Bf4 f6 13. Re2 Be7 14. Rae1 0-0 15. Bxe5 fxe5 16. Nxe5 Nxe5 17. Rxe5 Bf6 18. f4 b5 19. Bb3 Qc5 20. Qxc5 dxc5 21. d6+ c4 22. Rd5 Bb7 23. Rd2 cxb3 24. axb3 Rfe8 25. Rxe8+ Rxe8 26. c4 Bc6 27. c5 Kf7 28. g4 Re4 29. d7 Bd8 30. Kf2 Bh4+ 0-1